Voive and data communications handbook (Record no. 3598)

MARC details
000 -LEADER
fixed length control field 00449nam a22001577a 4500
008 - FIXED-LENGTH DATA ELEMENTS--GENERAL INFORMATION
fixed length control field 250522b |||||||| |||| 00| 0 eng d
020 ## - INTERNATIONAL STANDARD BOOK NUMBER
ISBN 0070472815
100 ## - MAIN ENTRY--AUTHOR
Author Bates, Regis J.
245 ## - TITLE STATEMENT
Title Voive and data communications handbook
250 ## - EDITION STATEMENT
Edition statement 4th
260 ## - PUBLICATION, DISTRIBUTION, ETC. (IMPRINT)
Place of publication New delhi
Name of publisher Tata Mc Graw-Hill publishing company limited
Date of publication 2001
300 ## - COLLATION
Pagination xxviii
Other physical details ill.
650 ## - TRACINGS
Main Subject telecommunication handbooks, manuals
942 ## - ADDED ENTRY ELEMENTS (KOHA)
Item type Books
050 ## - LIBRARY OF CONGRESS CALL NUMBER
Classification number TK50105
Item number .B38
Holdings
Source of classification or shelving scheme Not for loan Permanent location Current location Date acquired Accession No. Full call number Barcode. Koha item type
Dewey Decimal Classification   Samuel Ogbemudia Main Library, University of Abuja Samuel Ogbemudia Main Library, University of Abuja 05/22/2025 2023/61406 TK50105.B38 2025-2071 Books